|
|
|
|
| LEADER |
00000nab a2200000 a 4500 |
| 001 |
vtls009089045 |
| 003 |
SK-MaSNL |
| 005 |
20260304151426.0 |
| 008 |
250506c2007 xo qr|p|||||||000 b|slo |
| 015 |
|
|
|a SNBRB2007/08
|2 snkbucl
|
| 035 |
|
|
|a (uuid)d5a0c8a5-0aca-4975-abc8-905649702726
|
| 035 |
|
|
|a urn:nbn:sk:snk-abc1yz
|
| 035 |
|
|
|a (urnnbn)urn:nbn:sk:snk:ar-0048dp
|
| 038 |
|
|
|a SNKBUCL
|
| 040 |
|
|
|a SNKBUCL
|b slo
|c SNKBUCL
|e AACR2
|
| 041 |
1 |
|
|a slo
|h por
|
| 044 |
|
|
|a xo
|c SK
|
| 080 |
|
|
|a 821.134.3 (673)-31
|2 2001
|
| 100 |
1 |
|
|a Pepetela,
|d 1941-
|4 aut
|9 1471857
|
| 245 |
1 |
0 |
|a Urodzená rodina
|c Pepetela ; preložila Júlia Žitná
|
| 650 |
0 |
7 |
|a spoločenské romány, angolské
|x úryvky
|2 snkbucl
|9 1472858
|
| 700 |
1 |
|
|a Žitná, Júlia,
|d 1978-
|4 trl
|9 327756
|
| 773 |
0 |
|
|t Revue svetovej literatúry
|g Roč. XLIII, č. 2 (2007), s. 104-114
|x 0231-6269
|
| 850 |
|
|
|a Slovenská národná knižnica
|
| 852 |
|
|
|a Slovenská národná knižnica
|
| 958 |
|
|
|a article15
|
| 958 |
|
|
|a OND
|
| 958 |
|
|
|a LX
|
| 958 |
|
|
|a AO
|
| 958 |
|
|
|a EUIPO
|
| 999 |
|
|
|c 2943539
|d 2945469
|